<The> Assault on Privacy Computers, Data Banks, and Dossiers

Salvato in:
Dettagli Bibliografici
Autore principale: Miller, Arthur R.
Natura: Libro
Lingua:inglese
Pubblicazione: [S.l.] University of Michigan Press 1971
Tags: Aggiungi Tag
Nessun Tag, puoi essere il primo ad aggiungerne!!

MARC

LEADER 00000nam a2200000 4500
001 c032231
005 20250707090901.4
041 0 |a eng 
044 |a US 
245 1 0 |a <The> Assault on Privacy  |b Computers, Data Banks, and Dossiers  |c Arthur R. Miller 
264 1 |a [S.l.]  |b University of Michigan Press  |c 1971 
300 |a 333 s. 
100 1 |a Miller, Arthur R.